000 00362 a2200157 4500
001 154695
040 _cEscola São Tomás de Aquino
100 _aFREIGNIER, Michel
240 1 0 _aGuerra e paz no Oriente Médio
_lpor
245 1 0 _aGuerra e paz no Oriente Médio
300 _a63
362 0 _a1996
440 1 _aÁtica
697 _aHISTÓRIA
942 _cBK
999 _c154695
_d154695